History Quiz

Random History or Century Quiz

Clicking Through the 19th Century Quiz Stats

Quiz Updated Jul 16, 2015

Challenge
Share
Tweet
Embed
Score 0/13 Timer 05:00
3 Plays Today
% Correct
United States Civil War
83.9%
Jack the Ripper kills London prostitutes
80.5%
Charles Darwin publishes 'On the Origin of Species'
80.3%
Napoleon defeated at Battle of Waterloo
79.3%
Irish Potato Famine kills 1 million
76.1%
Herman Melville publishes 'Moby Dick'
72.7%
Invention of the Telephone
71.6%
Athens hosts first Modern Olympics
65.3%
Claude Monet paints 'Impression: Sunrise'
62.2%
Canada becomes a self-governing Dominion
54.4%
Krakatoa Explodes
50.1%
UK Prime Minister Spencer Perceval assassinated
44.9%
Taiping Rebellion
35.9%

You're not logged in!

Compare scores with friends on all Sporcle quizzes.
Sign Up with Email
OR
Log In

You Might Also Like...

Show Comments

Extras

Top Quizzes Today


Score Distribution

Your Account Isn't Verified!

In order to create a playlist on Sporcle, you need to verify the email address you used during registration. Go to your Sporcle Settings to finish the process.